Ley de propaganda comercial que utiliza imagen de la mujer. N° 5811 /

محفوظ في:
التفاصيل البيبلوغرافية
مؤلفون مشاركون: Costa Rica. Leyes y Decretos, Costa Rica. Ministerio de Gobernación Policía y Gracia, Costa Rica. Ministerio de Cultura, Juventud y Deportes. Dirección General de Mujer y Familia
التنسيق: نص
منشور في: San José: MCJD
الوسوم: إضافة وسم
لا توجد وسوم, كن أول من يضع وسما على هذه التسجيلة!

MARC

LEADER 00000 a a2200000 04500
001 21788
003
040
090 |a 097700  
110 |a Costa Rica. Leyes y Decretos  
245 |a Ley de propaganda comercial que utiliza imagen de la mujer. N° 5811 /  |c Costa Rica. Leyes y Decretos  
260 |a San José:   |b MCJD  
300 |a 2 h.  
710 |a Costa Rica. Ministerio de Gobernación Policía y Gracia  
710 |a Costa Rica. Ministerio de Cultura, Juventud y Deportes. Dirección General de Mujer y Familia  
999 |c 17466  |d 17466